<?xml version="1.0" encoding="UTF-8"?><?xml-stylesheet type="text/xsl" href="static/style.xsl"?><OAI-PMH xmlns="http://www.openarchives.org/OAI/2.0/" xmlns:xsi="http://www.w3.org/2001/XMLSchema-instance" xsi:schemaLocation="http://www.openarchives.org/OAI/2.0/ http://www.openarchives.org/OAI/2.0/OAI-PMH.xsd"><responseDate>2026-04-18T05:19:46Z</responseDate><request verb="GetRecord" identifier="oai:www.recercat.cat:10459.1/468669" metadataPrefix="marc">https://recercat.cat/oai/request</request><GetRecord><record><header><identifier>oai:recercat.cat:10459.1/468669</identifier><datestamp>2025-10-09T18:33:28Z</datestamp><setSpec>com_2072_3622</setSpec><setSpec>col_2072_479130</setSpec></header><metadata><record xmlns="http://www.loc.gov/MARC21/slim" xmlns:dcterms="http://purl.org/dc/terms/" xmlns:xsi="http://www.w3.org/2001/XMLSchema-instance" xmlns:doc="http://www.lyncode.com/xoai" xsi:schemaLocation="http://www.loc.gov/MARC21/slim http://www.loc.gov/standards/marcxml/schema/MARC21slim.xsd">
   <leader>00925njm 22002777a 4500</leader>
   <datafield ind2=" " ind1=" " tag="042">
      <subfield code="a">dc</subfield>
   </datafield>
   <datafield ind2=" " ind1=" " tag="720">
      <subfield code="a">Sanz Osorio, María Teresa</subfield>
      <subfield code="e">author</subfield>
   </datafield>
   <datafield ind2=" " ind1=" " tag="720">
      <subfield code="a">Sastre Rus, Meritxell</subfield>
      <subfield code="e">author</subfield>
   </datafield>
   <datafield ind2=" " ind1=" " tag="720">
      <subfield code="a">Monistrol Ruano, Olga</subfield>
      <subfield code="e">author</subfield>
   </datafield>
   <datafield ind2=" " ind1=" " tag="720">
      <subfield code="a">Pérez Criado, Monica</subfield>
      <subfield code="e">author</subfield>
   </datafield>
   <datafield ind2=" " ind1=" " tag="720">
      <subfield code="a">Vallès, Vicenç</subfield>
      <subfield code="e">author</subfield>
   </datafield>
   <datafield ind2=" " ind1=" " tag="720">
      <subfield code="a">Escobar Bravo, Miguel Ángel</subfield>
      <subfield code="e">author</subfield>
   </datafield>
   <datafield ind2=" " ind1=" " tag="260">
      <subfield code="c">2022-07</subfield>
   </datafield>
   <datafield ind2=" " ind1=" " tag="520">
      <subfield code="a">Introduction: Humanization in Mental Health refers to give the same relevance to theclinical needs and to the social, emotional and psychological needs.
Aim: To identify the published knowledge on current care models related to the hu-manization of care in acute psychiatric units.
Method: Scoping review based on the methodological model of Arksey and O'Malley,and PRISMA methodology. Database searches (Pubmed, Cinahl, Virtual Library,Cuiden, Academic Google and PsycInfo) with the terms: “Humanization,” “Hospitals Psychiatric,” “Emergency Psychiatric,” “Psychiatric Service” and “Psychiatric intensivecare units.”
Results: Twenty-two articles met the inclusion criteria. Four thematic units were iden-tified: aspects related to (i) patient perceptions; (ii) Government policies and hospi-tality organizational culture; (iii) external factors such as the environment, family orassociations; and (iv) safety and security.
Discussion: Only one of the articles mentions the concept analysed, although all ofthem contribute with key aspects of healthcare humanization, such as the empower-ment of the patient, the care model, the staff ratio, the therapeutic relationship, thenursing time of direct dedication to the patient, the therapeutic environment, safetyand patient and staff perception of feeling safe.
Implications for Practice: The present study can help to improve the care offered inacute mental health units.</subfield>
   </datafield>
   <datafield tag="653" ind2=" " ind1=" ">
      <subfield code="a">Hospitals psychiatric</subfield>
   </datafield>
   <datafield tag="653" ind2=" " ind1=" ">
      <subfield code="a">Humanization care</subfield>
   </datafield>
   <datafield tag="653" ind2=" " ind1=" ">
      <subfield code="a">Scoping review</subfield>
   </datafield>
   <datafield ind2="0" ind1="0" tag="245">
      <subfield code="a">Humanization of care in acute psychiatric hospitalization units. Scoping Review</subfield>
   </datafield>
</record></metadata></record></GetRecord></OAI-PMH>